Normal view
MARC view
- Soni, M.L Gupta, P.V Bhatnagar, U.S Chakrabarti, A
Entry Personal Name
001 - CONTROL NUMBER
- control field: 62049
003 - CONTROL NUMBER IDENTIFIER
- control field: NUST
005 - DATE AND TIME OF LATEST TRANSACTION
- control field: 20210628202851.0
008 - FIXED-LENGTH DATA ELEMENTS
- fixed length control field: 210628|| aca||aabn | a|a d
040 ## - CATALOGING SOURCE
- Original cataloging agency: NUST
- Transcribing agency: NUST
100 ## - HEADING--PERSONAL NAME
- Personal name: Soni, M.L Gupta, P.V Bhatnagar, U.S Chakrabarti, A
670 ## - SOURCE DATA FOUND
- Source citation: Work cat.: (NUST): Soni, M.L Gupta, P.V Bhatnagar, U.S Chakrabarti, A, A text book on power system engineering, 2005
